000 00703 a2200205 4500
010 _aENG-88515
020 _a8189915428
_c1350.00
035 _aEN-72048
037 _bDBAD / PUB
082 1 4 _a332.10954
090 _c8749
_d8749
100 _aPal, Jatinder
245 1 _aFinancial sector reforms and monetary policy in India/
_cby Jatinder Pal
260 _aNew Delhi
_bRegal Publications
_c2007
270 _aF-159, Rajouri Garden
_bNew Delhi
_e110 027
300 _axxiii, 508p.
_c22cm (Hb )
500 _aIncludes bibliographical references and index
942 _adpl
_cEN
_k332.10954 / PAL
999 _c8592
_d8592